Cases in global marketing strategies /

Đã lưu trong:
Bibliografiske detaljer
Hovedforfatter: Jeannet, Jean-Pierre.
Andre forfattere: Hennessey, H. David.
Format: Bog
Sprog:English
Udgivet: Boston : Houghton Mifflin, 2001.
Udgivelse:5th ed.
Fag:
Tags: Tilføj Tag
Ingen Tags, Vær først til at tagge denne postø!
Thư viện lưu trữ: Mạng thư viện Đại học Đà Nẵng
LEADER 01021cam a2200373 i 4500
001 000048832
003 8558
005 20051111141551.0
008 010322b2001 vm 000 eng
020 |a 061807192X 
040 |a IRC  |c IRC  |d IRC 
041 0 |a eng 
082 1 4 |a 658.848  |b JE-J 
100 1 |a Jeannet, Jean-Pierre. 
245 0 0 |a Cases in global marketing strategies /  |c Jean-Pierre Jeannet, H. David Hennessey. 
250 |a 5th ed. 
260 |a Boston :  |b Houghton Mifflin,  |c 2001. 
300 |a 1 v. (various pagings) :  |b ill. ;  |c 23cm. 
630 0 4 |a Marketing. 
630 0 4 |a Management. 
630 0 4 |a Export marketing. 
650 0 4 |a Export marketing  |x Management. 
650 0 4 |a Export marketing  |x Management  |x Case studies. 
700 1 |a Hennessey, H. David. 
OWN |a DUT 
999 |a From the UDN01 
TYP |a Monograph 
TYP |a Printed language 
980 |a Mạng thư viện Đại học Đà Nẵng